[Event "ICS rated blitz match"]
[Site "204.178.125.65"]
[Date "2001.01.04"]
[Round "?"]
[White "gandalf1"]
[Black "Hossa"]
[Result "1-0"]
[WhiteElo "2609"]
[BlackElo "2569"]
[PlyCount "133"]
[EventDate "2001.??.??"]

1. e4 c5 2. Nf3 d6 3. d4 cxd4 4. Nxd4 Nf6 5. Nc3 a6 6. Bg5 Nbd7 7. Bc4 b5 8.
Bd5 Nxd5 9. Nxd5 Ne5 10. O-O Bd7 11. f4 Nc4 12. b3 Nb6 13. Re1 Nxd5 14. exd5 b4
15. a3 bxa3 16. Rxa3 Qb6 17. Qd2 h6 18. Bh4 Rg8 19. Bf2 Qb7 20. Nf3 g6 21. Ra5
Bg7 22. Bh4 Qb6+ 23. Re3 Rc8 24. c4 Bf8 25. Qe1 g5 26. fxg5 Bg4 27. g6 Rxg6 28.
Rxa6 Qc5 29. Ra5 Qb6 30. c5 Qc7 31. Bg3 e6 32. dxe6 Rxe6 33. Nd4 Rxe3 34. Qxe3+
Qe7 35. Qxe7+ Bxe7 36. Bxd6 Bf6 37. Nb5 Be2 38. Kf2 Bd3 39. Ke3 Bd8 40. Na7
Bxa5 41. Nxc8 Bc2 42. Bf4 h5 43. Nd6+ Ke7 44. Nc4 Bb4 45. Kd4 Bxb3 46. c6 Bxc4
47. Kxc4 Ba5 48. Kb5 Bd8 49. c7 Bxc7 50. Bxc7 Kd7 51. Bg3 Ke6 52. Kc4 Ke7 53.
Kd5 Kf6 54. Ke4 Kg5 55. Bh4+ Kg6 56. Be7 Kg7 57. Kf5 h4 58. Bxh4 Kf8 59. Be7+
Kg7 60. g4 Kh8 61. Kf6 Kh7 62. g5 Kg8 63. h4 Kh7 64. Kxf7 Kh8 65. Bf8 Kh7 66.
g6+ Kh8 67. Bg7# {Hossa checkmated} 1-0

[Event "ICS rated blitz match"]
[Site "204.178.125.65"]
[Date "2001.01.04"]
[Round "?"]
[White "Hossa"]
[Black "armenjan"]
[Result "1-0"]
[WhiteElo "2574"]
[BlackElo "2033"]
[PlyCount "31"]
[EventDate "2001.??.??"]

1. e4 e6 2. d3 d5 3. Nd2 Nf6 4. g3 a5 5. Bg2 a4 6. Ne2 a3 7. O-O axb2 8. Bxb2
Be7 9. a4 O-O 10. e5 Nfd7 11. Nf4 b6 12. d4 Ba6 13. Re1 c5 14. c4 Bb7 15. cxd5
Bxd5 16. Nxd5 {armenjan resigns} 1-0

[Event "ICS rated blitz match"]
[Site "204.178.125.65"]
[Date "2001.01.04"]
[Round "?"]
[White "mauijim"]
[Black "Hossa"]
[Result "0-1"]
[WhiteElo "2115"]
[BlackElo "2576"]
[PlyCount "36"]
[EventDate "2001.??.??"]

1. d4 Nf6 2. c3 d5 3. Nd2 Bf5 4. g3 e6 5. Bg2 c5 6. Ngf3 Nc6 7. e3 cxd4 8. exd4
Bd6 9. O-O O-O 10. Nh4 Bd3 11. Re1 Qa5 12. Nb3 Qb5 13. Nf3 Rfe8 14. Ne5 Bf5 15.
Bf4 Bb8 16. Nd2 Qxb2 17. h3 Qxc3 18. g4 Bc2 {mauijim resigns} 0-1

[Event "ICS rated blitz match"]
[Site "204.178.125.65"]
[Date "2001.01.04"]
[Round "?"]
[White "Hossa"]
[Black "ssg9"]
[Result "1/2-1/2"]
[WhiteElo "2578"]
[BlackElo "2075"]
[PlyCount "137"]
[EventDate "2001.??.??"]

1. e4 e6 2. d3 d5 3. Nd2 dxe4 4. Nxe4 Nd7 5. Nf3 Ngf6 6. Be2 Be7 7. O-O O-O 8.
Nc3 c6 9. Bg5 b6 10. d4 Bb7 11. Qd2 Nd5 12. Nxd5 cxd5 13. Bxe7 Qxe7 14. Qf4
Rac8 15. Bd3 g6 16. Qh6 Qf6 17. Bb5 Rfd8 18. Bxd7 Rxd7 19. c3 Ba6 20. Ne5 Rdd8
21. Rfe1 Qg7 22. Qf4 h5 23. Qg3 b5 24. Nd3 Bb7 25. a4 Bc6 26. axb5 Bxb5 27.
Rxa7 Bxd3 28. Qxd3 Rb8 29. Rxe6 Rxb2 30. Ree7 Qh6 31. Rxf7 Qc1+ 32. Qf1 Qc2 33.
Rg7+ Kh8 34. Rh7+ Kg8 35. Qe1 Rb1 36. Rag7+ Kf8 37. Rf7+ Kg8 38. Rhg7+ Kh8 39.
Rh7+ Kg8 40. Rhg7+ Kh8 41. Rh7+ Kg8 42. Rhg7+ Kh8 43. Rh7+ Kg8 44. Rhg7+ Kh8
45. Rh7+ Kg8 46. Rhg7+ Kh8 47. Rh7+ Kg8 48. Rhg7+ Kh8 49. Rh7+ Kg8 50. Rhg7+
Kh8 51. Rh7+ Kg8 52. Rhg7+ Kh8 53. Rh7+ Kg8 54. Rhg7+ Kh8 55. Rh7+ Kg8 56.
Rhg7+ Kh8 57. Rh7+ Kg8 58. Rhg7+ Kh8 59. Rh7+ Kg8 60. Rhg7+ Kh8 61. Rh7+ Kg8
62. Rhg7+ Kh8 63. Rh7+ Kg8 64. Rhg7+ Kh8 65. Rh7+ Kg8 66. Rhg7+ Kh8 67. Rh7+
Kg8 68. Rhg7+ Kh8 69. Rh7+ {Game drawn by repetition} 1/2-1/2

[Event "ICS rated blitz match"]
[Site "204.178.125.65"]
[Date "2001.01.04"]
[Round "?"]
[White "armenjan"]
[Black "Hossa"]
[Result "0-1"]
[WhiteElo "2059"]
[BlackElo "2564"]
[PlyCount "50"]
[EventDate "2001.??.??"]

1. d4 Nf6 2. c4 e6 3. Nf3 b6 4. g3 Bb7 5. Bg2 c5 6. O-O cxd4 7. Qxd4 Bc5 8. Qd2
Na6 9. Nc3 O-O 10. a3 Ne4 11. Nxe4 Bxe4 12. b4 Be7 13. Bb2 d5 14. cxd5 Qxd5 15.
Qe3 Rfd8 16. Rfd1 Qxd1+ 17. Rxd1 Rxd1+ 18. Bf1 Bb7 19. h4 Rad8 20. h5 Rb1 21.
Bxg7 Bxf3 22. exf3 Rdd1 23. Be5 Rxf1+ 24. Kh2 Rh1+ 25. Kg2 Rbg1# {
armenjan checkmated} 0-1

[Event "ICS rated blitz match"]
[Site "204.178.125.65"]
[Date "2001.01.04"]
[Round "?"]
[White "Hossa"]
[Black "armenjan"]
[Result "1-0"]
[WhiteElo "2566"]
[BlackElo "2057"]
[PlyCount "97"]
[EventDate "2001.??.??"]

1. e4 e6 2. d3 d5 3. Nd2 b6 4. d4 Nf6 5. e5 Nfd7 6. Nh3 Ba6 7. c4 dxc4 8. Qf3
c6 9. Nxc4 Bb4+ 10. Bd2 Bxd2+ 11. Nxd2 O-O 12. Bxa6 Nxa6 13. Qxc6 Nb4 14. Qc4
a5 15. Rc1 Rc8 16. Qxc8 Qxc8 17. Rxc8 Rxc8 18. Ke2 Nxa2 19. Ng5 Nb4 20. Nge4 f5
21. Nc3 Nb8 22. Nf3 h6 23. h3 N8a6 24. g4 fxg4 25. hxg4 Nc7 26. g5 hxg5 27.
Nxg5 Rd8 28. Rh4 Nbd5 29. Nce4 Rf8 30. Rh7 Rf4 31. Rh1 Rf8 32. Nd6 Nf4+ 33. Kd2
Ncd5 34. Rh7 a4 35. Rh1 Rb8 36. Ngf7 Ng6 37. Kc1 b5 38. Kb1 b4 39. Ka2 Ndf4 40.
Ng5 Ne7 41. Rg1 Ned5 42. Nge4 a3 43. Nf6+ Nxf6 44. exf6 axb2 45. Rxg7+ Kf8 46.
Rf7+ Kg8 47. Re7 Nd3 48. f7+ Kg7 49. Re8 {armenjan resigns} 1-0

[Event "ICS rated blitz match"]
[Site "204.178.125.65"]
[Date "2001.01.04"]
[Round "?"]
[White "armenjan"]
[Black "Hossa"]
[Result "0-1"]
[WhiteElo "2055"]
[BlackElo "2568"]
[PlyCount "48"]
[EventDate "2001.??.??"]

1. d4 Nf6 2. c4 e6 3. Nf3 b6 4. e3 Bb7 5. Bd3 d5 6. O-O dxc4 7. Bxc4 Bd6 8. Nc3
O-O 9. b3 Nc6 10. Bb2 Ne7 11. Rc1 Qb8 12. h3 a6 13. Bd3 Rc8 14. e4 c5 15. e5
cxd4 16. exd6 dxc3 17. dxe7 cxb2 18. Rxc8+ Qxc8 19. Ne5 Qe8 20. Qd2 Qxe7 21.
Qxb2 Ne4 22. Rc1 Nc5 23. Bb1 Qg5 24. f3 Rd8 {armenjan resigns} 0-1

[Event "ICS rated blitz match"]
[Site "204.178.125.65"]
[Date "2001.01.04"]
[Round "?"]
[White "Hossa"]
[Black "Valg"]
[Result "0-1"]
[WhiteElo "2570"]
[BlackElo "2882"]
[PlyCount "120"]
[EventDate "2001.??.??"]

1. d4 Nf6 2. c4 e6 3. Nf3 b6 4. g3 Ba6 5. b3 Bb4+ 6. Bd2 Be7 7. Bg2 c6 8. O-O
d5 9. Ne5 Nfd7 10. Nxd7 Nxd7 11. cxd5 cxd5 12. Re1 O-O 13. Nc3 Rc8 14. Rc1 Bd6
15. Rc2 Qf6 16. Be3 Rc7 17. Qd2 Rfc8 18. a3 Bxa3 19. Bf4 Rc6 20. Ra1 Qe7 21. e4
Bb4 22. Rxa6 Rxc3 23. Rxc3 Bxc3 24. Qd3 Nf6 25. e5 Ne8 26. Ra2 Rc7 27. Be3 Bb4
28. Qa6 f6 29. exf6 Qxf6 30. Qb5 Qg6 31. Bh3 Bc3 32. Qe2 e5 33. dxe5 d4 34. Bc1
Bb4 35. Qb2 d3 36. Qa1 Bc3 37. Bb2 Bxb2 38. Rxb2 Rc2 39. Rxc2 dxc2 40. Bf1 Qg4
41. Bc4+ Kh8 42. Kg2 Qe4+ 43. Kg1 Qf3 44. Bf1 h5 45. Qa3 Qd1 46. Qf8+ Kh7 47.
Kg2 Qd5+ 48. Kh3 Qd7+ 49. Kg2 c1=Q 50. Bc4 Qc2 51. Qg8+ Kg6 52. Bd5 h4 53. h3
Nc7 54. Bb7 Qdf5 55. Bf3 hxg3 56. Bh5+ Kxh5 57. Qh8+ Kg6 58. Qxg7+ Kxg7 59. h4
Qcxf2+ 60. Kh1 Qf1# {Hossa checkmated} 0-1

[Event "ICS rated blitz match"]
[Site "204.178.125.65"]
[Date "2001.01.04"]
[Round "?"]
[White "PostModernist"]
[Black "Hossa"]
[Result "1/2-1/2"]
[WhiteElo "2652"]
[BlackElo "2565"]
[PlyCount "122"]
[EventDate "2001.??.??"]

1. d4 Nf6 2. c4 e6 3. Nf3 b6 4. g3 Bb7 5. Bg2 c5 6. O-O cxd4 7. Nxd4 Bxg2 8.
Kxg2 Bc5 9. Nc3 Nc6 10. Nxc6 dxc6 11. Bf4 O-O 12. Qxd8 Rfxd8 13. Rad1 Rd4 14.
b3 Rad8 15. e3 Rd3 16. Rxd3 Rxd3 17. Rc1 g6 18. h3 Bb4 19. Nb1 Kg7 20. g4 h6
21. Be5 Bd6 22. Bxd6 Rxd6 23. c5 bxc5 24. Rxc5 Ne4 25. Re5 f5 26. f3 Nd2 27.
Nxd2 Rxd2+ 28. Kg3 Kf6 29. Ra5 fxg4 30. hxg4 Rd7 31. f4 Ke7 32. b4 Rb7 33. a3
Kd6 34. e4 Rd7 35. Kf3 Ke7 36. Ke3 Rb7 37. Rc5 Kd7 38. Rc1 Rb5 39. Rh1 h5 40.
f5 exf5 41. exf5 hxg4 42. Rh7+ Kd6 43. fxg6 Rg5 44. Kf2 Rxg6 45. Rxa7 g3+ 46.
Kg2 Kd5 47. Ra5+ Kd4 48. Rc5 Kd3 49. Ra5 Kc3 50. Ra6 Kc4 51. Ra5 Kb3 52. Ra6
Rg5 53. Rxc6 Kxa3 54. Rc3+ Ka4 55. Rxg3 Rxg3+ 56. Kxg3 Kb5 57. Kg4 Kc4 58. b5
Kd5 59. b6 Kd6 60. b7 Kc7 61. b8=Q+ Kxb8 {
Game drawn because neither player has mating material} 1/2-1/2

[Event "ICS rated blitz match"]
[Site "204.178.125.65"]
[Date "2001.01.05"]
[Round "?"]
[White "gandalf1"]
[Black "Hossa"]
[Result "1-0"]
[WhiteElo "2604"]
[BlackElo "2569"]
[PlyCount "155"]
[EventDate "2001.??.??"]

1. d4 Nf6 2. c4 e6 3. Nc3 Bb4 4. Qc2 O-O 5. a3 Bxc3+ 6. Qxc3 b6 7. Bg5 Bb7 8.
f3 h6 9. Bh4 d5 10. e3 Nbd7 11. cxd5 Nxd5 12. Bxd8 Nxc3 13. Bh4 Nd5 14. Bf2 f5
15. Bc4 Rac8 16. Ne2 c5 17. Bb5 Rf7 18. O-O a6 19. Bd3 c4 20. Bc2 c3 21. Rab1
cxb2 22. Rxb2 f4 23. exf4 Nxf4 24. Nxf4 Rxf4 25. Rc1 g5 26. a4 Kg7 27. Rbb1 Bd5
28. Bd3 Ra8 29. Rc7 Rf7 30. Bg3 h5 31. h4 gxh4 32. Bxh4 Ba2 33. Rb2 Bd5 34. Kf2
a5 35. Rb5 Rb8 36. Bg3 Rg8 37. Rb2 Rgf8 38. Bd6 Rg8 39. Bb5 Rd8 40. Ra7 Kg8 41.
Rc2 Ne5 42. Be7 Ng4+ 43. Ke2 Nh6 44. Bxd8 Rxa7 45. Bxb6 Ra8 46. Bd3 Bb3 47. Rc5
h4 48. Bxa5 Bxa4 49. Bc4 Bd7 50. d5 Re8 51. d6 Nf7 52. Bc7 Kg7 53. Bb5 Bxb5+
54. Rxb5 Ra8 55. d7 Kf6 56. Rh5 h3 57. gxh3 e5 58. Rh7 Nd8 59. Rh8 Ra2+ 60. Ke3
Ra3+ 61. Kf2 Nb7 62. Rb8 Nd8 63. Bxd8+ Ke6 64. Rb7 e4 65. fxe4 Ra2+ 66. Ke3
Ra3+ 67. Kf4 Ra8 68. Ba5 Rg8 69. d8=R Rg1 70. Re8+ Kd6 71. e5+ Kc6 72. Reb8 Rd1
73. Rc7+ Kd5 74. Rd7+ Kc4 75. Rxd1 Kc5 76. e6 Kc6 77. Ke5 Kc5 78. Rc1# {
Hossa checkmated} 1-0

[Event "ICS rated blitz match"]
[Site "204.178.125.65"]
[Date "2001.01.05"]
[Round "?"]
[White "Hossa"]
[Black "PostModernist"]
[Result "1-0"]
[WhiteElo "2555"]
[BlackElo "2648"]
[PlyCount "113"]
[EventDate "2001.??.??"]

1. e4 e5 2. Nf3 Nc6 3. Bb5 a6 4. Bxc6 dxc6 5. O-O f6 6. d4 exd4 7. Nxd4 c5 8.
Nb3 Qxd1 9. Rxd1 Bg4 10. f3 Be6 11. Be3 b6 12. a4 Kf7 13. a5 c4 14. Nd4 b5 15.
Nxe6 Kxe6 16. Nc3 Bd6 17. g4 Ne7 18. f4 Rad8 19. Nd5 Nxd5 20. Rxd5 Bb4 21. c3
Be7 22. Rad1 Rxd5 23. Rxd5 Rd8 24. Rxd8 Bxd8 25. Bc5 c6 26. Bb6 Be7 27. Kg2 Bd6
28. Kf3 c5 29. h4 h6 30. Ke3 Kd7 31. g5 h5 32. Kf3 Ke7 33. gxf6+ gxf6 34. Ke3
Kd7 35. Ba7 Ke6 36. Bb6 Be7 37. f5+ Kd7 38. Kf3 b4 39. Ba7 bxc3 40. bxc3 Bd6
41. Ke2 Be5 42. Kd2 Bg3 43. Bxc5 Bxh4 44. Ke2 Bg3 45. Bd4 Bc7 46. Bxf6 Bxa5 47.
Bd4 Bc7 48. e5 a5 49. Kf3 Ke8 50. e6 a4 51. f6 Bd8 52. f7+ Kf8 53. Be3 Bf6 54.
Ke4 Ke7 55. Bc5+ Kxe6 56. f8=Q Kd7 57. Qxf6 {PostModernist resigns} 1-0

[Event "ICS rated blitz match"]
[Site "204.178.125.65"]
[Date "2001.01.05"]
[Round "?"]
[White "Hossa"]
[Black "armenjan"]
[Result "1-0"]
[WhiteElo "2575"]
[BlackElo "2058"]
[PlyCount "55"]
[EventDate "2001.??.??"]

1. e4 c5 2. Nf3 d6 3. d4 cxd4 4. Nxd4 e6 5. Bb5+ Bd7 6. Bxd7+ Nxd7 7. O-O Ngf6
8. Nc3 Be7 9. Bg5 O-O 10. Ndb5 Nc5 11. Bxf6 gxf6 12. Qg4+ Kh8 13. Qh5 a6 14.
Nd4 Nd7 15. a3 Rc8 16. Rab1 Rc5 17. Qe2 Rg8 18. f4 b5 19. Nb3 Rc4 20. Qh5 Rg7
21. g3 Qb6+ 22. Kg2 Nc5 23. Nd2 Rxc3 24. bxc3 Qa5 25. Rf3 Qxa3 26. Re3 Qa4 27.
Qd1 f5 28. Ra1 {armenjan resigns} 1-0

[Event "ICS rated blitz match"]
[Site "204.178.125.65"]
[Date "2001.01.05"]
[Round "?"]
[White "pob"]
[Black "Hossa"]
[Result "1-0"]
[WhiteElo "2108"]
[BlackElo "2577"]
[PlyCount "73"]
[EventDate "2001.??.??"]

1. e4 e5 2. Nf3 Nc6 3. Bb5 Nf6 4. O-O Bc5 5. c3 O-O 6. d4 Bb6 7. Re1 d6 8. h3
exd4 9. cxd4 Re8 10. Nc3 a6 11. Ba4 Bd7 12. Bg5 Ba5 13. e5 h6 14. Bh4 g5 15.
exf6 Rxe1+ 16. Nxe1 Bxc3 17. bxc3 gxh4 18. Qf3 b5 19. Bc2 Kh8 20. Nd3 Qg8 21.
Nf4 Qg5 22. Nd5 Ra7 23. Re1 Be6 24. Rxe6 Qc1+ 25. Kh2 Qxc2 26. Re8+ Kh7 27. Ne7
Nxd4 28. cxd4 c5 29. Qg4 Qg6 30. Nxg6 fxg6 31. Re7+ Rxe7 32. fxe7 h5 33. Qg5
cxd4 34. e8=Q Kg7 35. Qee7+ Kg8 36. Qxg6+ Kh8 37. Qgg7# {Hossa checkmated} 1-0

[Event "ICS rated blitz match"]
[Site "204.178.125.65"]
[Date "2001.01.05"]
[Round "?"]
[White "Hossa"]
[Black "gandalf1"]
[Result "0-1"]
[WhiteElo "2547"]
[BlackElo "2618"]
[PlyCount "104"]
[EventDate "2001.??.??"]

1. e4 e5 2. Nf3 Nf6 3. Nxe5 d6 4. Nf3 Nxe4 5. Qe2 Qe7 6. d3 Nf6 7. Bg5 Qxe2+ 8.
Bxe2 Be7 9. Nc3 c6 10. O-O-O Na6 11. Ne4 Nxe4 12. dxe4 Nc5 13. Bxe7 Kxe7 14.
Nd2 Be6 15. f4 f5 16. exf5 Bxf5 17. Rde1 Kd7 18. g4 Be6 19. Rhg1 g6 20. b4 Na4
21. Rg3 Nb6 22. c4 Rhf8 23. Rf1 a5 24. Rh3 axb4 25. Rxh7+ Rf7 26. Rxf7+ Bxf7
27. Kb1 d5 28. Rd1 Na4 29. Rc1 Nc3+ 30. Rxc3 bxc3 31. Nf3 Ke7 32. Ne5 Rh8 33.
cxd5 cxd5 34. Nf3 Be6 35. Bd3 Rh3 36. Ne5 g5 37. f5 Bg8 38. Bb5 Rxh2 39. a4 d4
40. Nd3 Bb3 41. a5 Rd2 42. Nc1 Bc2+ 43. Ka1 Rd1 44. Ka2 Rxc1 45. a6 bxa6 46.
Bc4 d3 47. Ka3 d2 48. Be2 a5 49. f6+ Kxf6 50. Bc4 d1=Q 51. Bb3 Ra1+ 52. Ba2
Qc1# {Hossa checkmated} 0-1

[Event "ICS Rated standard match"]
[Site "204.178.125.65"]
[Date "2001.01.05"]
[Round "?"]
[White "nextgrandmaster"]
[Black "Hossa"]
[Result "0-1"]
[WhiteElo "1908"]
[BlackElo "2282"]
[PlyCount "34"]
[EventDate "2001.??.??"]

1. e4 e5 2. Nf3 Nc6 3. Bb5 a6 4. Bxc6 dxc6 5. O-O f6 6. d4 exd4 7. Nxd4 c5 8.
Nf5 Qxd1 9. Rxd1 Bxf5 10. exf5 Bd6 11. Nc3 Ne7 12. g4 h5 13. f3 hxg4 14. fxg4
Rh4 15. h3 Rxh3 16. Ne4 Rh4 17. Nf2 Bg3 {nextgrandmaster resigns} 0-1

[Event "ICS rated blitz match"]
[Site "204.178.125.65"]
[Date "2001.01.05"]
[Round "?"]
[White "nono"]
[Black "Hossa"]
[Result "0-1"]
[WhiteElo "2112"]
[BlackElo "2534"]
[PlyCount "48"]
[EventDate "2001.??.??"]

1. e4 e5 2. Nf3 Nc6 3. d4 exd4 4. Nxd4 Nf6 5. Nxc6 bxc6 6. e5 Qe7 7. Qe2 Nd5 8.
c4 Ba6 9. b3 Rb8 10. f4 d6 11. g3 dxe5 12. Bg2 exf4 13. Qxe7+ Bxe7 14. cxd5 Bf6
15. Bxf4 cxd5 16. Bxc7 Rc8 17. Bf4 Bb7 18. Na3 Bxa1 19. Nb5 Bc3+ 20. Kf2 Bb4
21. Bd6 Rc2+ 22. Ke3 Bd2+ 23. Kd3 Rxa2 24. Bh3 Ba6 {nono resigns} 0-1

[Event "ICS rated standard match"]
[Site "204.178.125.65"]
[Date "2001.01.05"]
[Round "?"]
[White "Hossa"]
[Black "BrazilianMaster"]
[Result "0-1"]
[WhiteElo "2285"]
[BlackElo "2646"]
[PlyCount "96"]
[EventDate "2001.??.??"]

1. e4 e5 2. Nc3 Nf6 3. Nf3 Bb4 4. Nxe5 O-O 5. Bc4 Qe7 6. Nf3 Bxc3 7. dxc3 Qxe4+
8. Qe2 Qxe2+ 9. Bxe2 Nc6 10. Nd4 Nxd4 11. cxd4 Re8 12. Bg5 b6 13. Bxf6 Ba6 14.
Be5 Bxe2 15. Kxe2 f6 16. f4 d6 17. Rhf1 dxe5 18. fxe5 Rad8 19. Rad1 fxe5 20. d5
Rf8 21. c4 Rd6 22. Rxf8+ Kxf8 23. Rf1+ Ke7 24. Rf5 Rg6 25. Rxe5+ Kd6 26. Re6+
Rxe6+ 27. dxe6 Kxe6 28. a3 a5 29. Kd3 a4 30. Kc3 c5 31. b3 Ke5 32. bxa4 Ke4 33.
h4 h5 34. a5 bxa5 35. Kc2 Kd4 36. Kb3 a4+ 37. Kb2 Kxc4 38. Kc2 Kd4 39. Kd2 c4
40. Kd1 Kd3 41. Ke1 c3 42. Kf2 c2 43. g3 c1=Q 44. g4 Qe3+ 45. Kg2 Ke2 46. gxh5
Qf2+ 47. Kh3 Kf3 48. h6 Qg2# {Hossa checkmated} 0-1

[Event "ICS rated standard match"]
[Site "204.178.125.65"]
[Date "2001.01.05"]
[Round "?"]
[White "BrazilianMaster"]
[Black "Hossa"]
[Result "1-0"]
[WhiteElo "2650"]
[BlackElo "2281"]
[PlyCount "91"]
[EventDate "2001.??.??"]

1. c4 e5 2. Nc3 Nf6 3. Nf3 Nc6 4. e3 Bb4 5. Qc2 Bxc3 6. Qxc3 Qe7 7. a3 d5 8. d4
e4 9. Nd2 O-O 10. b4 a6 11. Bb2 Bg4 12. Qc2 Rfd8 13. Nb3 dxc4 14. Bxc4 Nb8 15.
h3 Bf5 16. O-O Nbd7 17. Na5 Ra7 18. Ba2 c6 19. f4 Be6 20. Nc4 Raa8 21. Bb3 Bxc4
22. Qxc4 Nh5 23. Rfe1 Ng3 24. Kf2 Nf5 25. g3 Rac8 26. Qc2 b6 27. Rac1 Nf6 28.
Qe2 Qa7 29. g4 Nh4 30. g5 Ne8 31. Qg4 Nf3 32. Re2 Nd6 33. Rec2 Qb7 34. f5 g6
35. fxg6 hxg6 36. h4 a5 37. h5 axb4 38. hxg6 bxa3 39. Bxa3 Kg7 40. Rh1 c5 41.
Rh7+ Kf8 42. g7+ Ke7 43. Qe6+ fxe6 44. g8=Q+ Nf7 45. Qxf7+ Kd6 46. Qxe6# {
Hossa checkmated} 1-0

[Event "ICS rated blitz match"]
[Site "204.178.125.65"]
[Date "2001.01.05"]
[Round "?"]
[White "Hossa"]
[Black "Valg"]
[Result "0-1"]
[WhiteElo "2537"]
[BlackElo "2887"]
[PlyCount "114"]
[EventDate "2001.??.??"]

1. e4 e5 2. Nf3 Nc6 3. Bb5 a6 4. Bxc6 dxc6 5. O-O f6 6. d4 exd4 7. Nxd4 c5 8.
Nb3 Qxd1 9. Rxd1 Bg4 10. f3 Be6 11. Be3 b6 12. a4 Kf7 13. a5 c4 14. Nd4 b5 15.
Nxe6 Kxe6 16. Nc3 Bd6 17. g4 Ne7 18. f4 Rad8 19. Nd5 Nxd5 20. Rxd5 c6 21. Rdd1
h5 22. g5 fxg5 23. fxg5 c5 24. Rd5 Be5 25. Rad1 Rxd5 26. Rxd5 Bxb2 27. Bxc5 Bc3
28. Kf2 Bxa5 29. Rd6+ Ke5 30. Rxa6 Bd2 31. Kf3 Rc8 32. Rd6 Rxc5 33. Rxd2 b4 34.
Rd7 b3 35. cxb3 c3 36. Rd1 c2 37. Rc1 Rc3+ 38. Ke2 Rh3 39. Kd2 Rxh2+ 40. Kd3 h4
41. b4 Kd6 42. Ra1 h3 43. Ra6+ Kc7 44. Ra1 Rg2 45. Kc4 h2 46. Rc1 Rg1 47. Rxc2
h1=Q 48. Kd4+ Kb6 49. Rc4 Rd1+ 50. Ke3 Qg1+ 51. Kf4 Rf1+ 52. Ke5 Qxg5+ 53. Kd4
Rd1+ 54. Kc3 Qd2+ 55. Kb3 Rb1+ 56. Ka3 Qb2+ 57. Ka4 Ra1# {Hossa checkmated} 0-1

[Event "ICS rated blitz match"]
[Site "204.178.125.65"]
[Date "2001.01.05"]
[Round "?"]
[White "Valg"]
[Black "Hossa"]
[Result "0-1"]
[WhiteElo "2891"]
[BlackElo "2533"]
[PlyCount "228"]
[EventDate "2001.??.??"]

1. e4 e5 2. Nf3 Nc6 3. Bb5 a6 4. Ba4 Nf6 5. O-O b5 6. Bb3 Be7 7. Re1 d6 8. c3
O-O 9. a4 Be6 10. d4 Bxb3 11. Qxb3 Qb8 12. axb5 Qxb5 13. Qc2 Rab8 14. Na3 Qb7
15. dxe5 Nxe5 16. Nxe5 dxe5 17. Nc4 Nd7 18. Qd1 Rfd8 19. Qe2 Ra8 20. Ra5 c5 21.
Rd1 Nf6 22. Rxd8+ Rxd8 23. f3 Nd7 24. Ne3 Ra8 25. Nd5 Bh4 26. Be3 Bd8 27. Ra1
a5 28. Bf2 Rb8 29. Rb1 a4 30. Qc2 Qb3 31. Qxb3 Rxb3 32. Ra1 Rxb2 33. g4 h5 34.
Rxa4 Nb6 35. Ra6 hxg4 36. fxg4 Rb1+ 37. Kg2 Rb2 38. Kg3 Rb3 39. Be1 Rb1 40. Kf3
Rxe1 41. Nxb6 Bxb6 42. Rxb6 Rc1 43. Rb3 g5 44. Ke2 c4 45. Kd2 Rh1 46. Rb4 Rxh2+
47. Ke3 Rh3+ 48. Kd2 Rg3 49. Rxc4 Rxg4 50. Ke3 Rg3+ 51. Kf2 Rh3 52. Rc7 Kg7 53.
c4 g4 54. c5 Rf3+ 55. Kg2 Re3 56. Re7 Rxe4 57. c6 Kg6 58. Kg3 f5 59. Kh4 Kf6
60. Rh7 Re3 61. Rh6+ Ke7 62. Kg5 Rf3 63. Rh7+ Kd8 64. Kf6 e4 65. Ke6 Kc8 66.
Re7 g3 67. Rg7 f4 68. Kd5 Re3 69. Rg8+ Kc7 70. Rg7+ Kb6 71. Rb7+ Ka6 72. Rb1
Rc3 73. Kd4 Rxc6 74. Kxe4 Rc4+ 75. Kf3 Ka5 76. Rb2 Ka4 77. Rb8 Rb4 78. Rc8 Kb3
79. Rc7 Rc4 80. Rd7 Kb2 81. Ra7 Kc3 82. Rd7 Ra4 83. Rc7+ Kd3 84. Rd7+ Rd4 85.
Rc7 Kd2 86. Re7 Kd1 87. Re5 Rd2 88. Ra5 Rf2+ 89. Ke4 g2 90. Ra1+ Kd2 91. Ra2+
Kc3 92. Rxf2 g1=Q 93. Rxf4 Qc5 94. Rg4 Kc4 95. Rg6 Qe7+ 96. Kf5 Kd5 97. Ra6
Qd7+ 98. Kf6 Qd8+ 99. Kf7 Ke5 100. Re6+ Kf5 101. Re7 Qd5+ 102. Kg7 Kg5 103. Rf7
Qd8 104. Kh7 Qd4 105. Rg7+ Kf6 106. Kg8 Qd8+ 107. Kh7 Qe8 108. Ra7 Qg6+ 109.
Kh8 Qg1 110. Rh7 Qg3 111. Rb7 Qh3+ 112. Kg8 Qg2+ 113. Kf8 Qxb7 114. Kg8 Qg7# {
Valg checkmated} 0-1

[Event "ICS rated standard match"]
[Site "204.178.125.65"]
[Date "2001.01.05"]
[Round "?"]
[White "Hossa"]
[Black "KingDJ"]
[Result "1-0"]
[WhiteElo "2278"]
[BlackElo "1953"]
[PlyCount "51"]
[EventDate "2001.??.??"]

1. e4 c5 2. Nf3 e6 3. d4 cxd4 4. Nxd4 Nf6 5. Nc3 Nc6 6. Ndb5 Bb4 7. Bg5 Qa5 8.
Bxf6 gxf6 9. a3 Bxc3+ 10. bxc3 a6 11. Nd6+ Ke7 12. Qd2 Qc7 13. Rd1 b5 14. c4
bxc4 15. Bxc4 Ne5 16. Bb3 Rg8 17. f4 Nc6 18. O-O Bb7 19. Qf2 Nd8 20. Rd2 Rc8
21. Nxc8+ Qxc8 22. Qd4 Bc6 23. f5 Rf8 24. e5 fxe5 25. f6+ Ke8 26. Qd6 {
KingDJ resigns} 1-0

[Event "ICS rated standard match"]
[Site "204.178.125.65"]
[Date "2001.01.05"]
[Round "?"]
[White "KingDJ"]
[Black "Hossa"]
[Result "0-1"]
[WhiteElo "1949"]
[BlackElo "2282"]
[PlyCount "32"]
[EventDate "2001.??.??"]

1. e4 e5 2. Nf3 Nc6 3. Bb5 a6 4. Ba4 Nf6 5. d3 b5 6. Bb3 Be7 7. c3 d5 8. exd5
Nxd5 9. h3 Bf5 10. Qe2 Nf4 11. Bxf4 Bxd3 12. Bxf7+ Kf8 13. Qd2 exf4 14. Qxf4 g5
15. Nxg5 Bxg5 16. Qf3 Ne5 {KingDJ resigns} 0-1

[Event "ICS rated blitz match"]
[Site "204.178.125.65"]
[Date "2001.01.05"]
[Round "?"]
[White "Valg"]
[Black "Hossa"]
[Result "1-0"]
[WhiteElo "2863"]
[BlackElo "2561"]
[PlyCount "63"]
[EventDate "2001.??.??"]

1. e4 c5 2. Nf3 d6 3. d4 cxd4 4. Nxd4 Nf6 5. Nc3 a6 6. Bg5 Nc6 7. Qd2 e6 8.
O-O-O Bd7 9. f4 Be7 10. Nf3 b5 11. e5 b4 12. exf6 bxc3 13. Qxc3 gxf6 14. Bh4
O-O 15. Kb1 e5 16. fxe5 dxe5 17. Qe3 Qc7 18. Bd3 Kg7 19. g4 Be6 20. Be4 Nb4 21.
a3 Ba2+ 22. Ka1 Nxc2+ 23. Bxc2 Qxc2 24. g5 fxg5 25. Bxg5 Rfe8 26. Bxe7 f6 27.
Rhg1+ Kf7 28. Nxe5+ Kxe7 29. Nc6+ Kf8 30. Qh6+ Kf7 31. Qg7+ Ke6 32. Qd7# {
Hossa checkmated} 1-0

[Event "ICS rated blitz match"]
[Site "204.178.125.65"]
[Date "2001.01.05"]
[Round "?"]
[White "Hossa"]
[Black "Valg"]
[Result "1/2-1/2"]
[WhiteElo "2556"]
[BlackElo "2868"]
[PlyCount "105"]
[EventDate "2001.??.??"]

1. e4 e5 2. Nf3 Nc6 3. Bb5 a6 4. Bxc6 dxc6 5. O-O f6 6. d4 exd4 7. Nxd4 c5 8.
Nb3 Qxd1 9. Rxd1 Bg4 10. f3 Be6 11. Be3 b6 12. Nc3 Bd6 13. a4 Kf7 14. Nd5 Rb8
15. a5 bxa5 16. Rxa5 c4 17. Nd4 Bxd5 18. exd5 Rxb2 19. Rxa6 Ne7 20. Ra5 Be5 21.
Rc5 Re8 22. Rxc4 Nxd5 23. Bc1 Rb1 24. Nc6 Ne3 25. Nxe5+ Rxe5 26. Rxc7+ Kg6 27.
Bxe3 Rxd1+ 28. Kf2 Re8 29. g4 Rh1 30. f4 h5 31. gxh5+ Kxh5 32. Rxg7 Rxh2+ 33.
Kg3 Rxc2 34. f5 Rxe3+ 35. Kf4 Re7 36. Rxe7 Rc4+ 37. Re4 Rxe4+ 38. Kxe4 Kg5 39.
Ke3 Kxf5 40. Kf3 Kg5 41. Kg3 f5 42. Kf3 f4 43. Kg2 Kh4 44. Kf3 Kg5 45. Kg2 Kg4
46. Kf2 f3 47. Kf1 Kg3 48. Kg1 Kh4 49. Kf2 Kg4 50. Kf1 Kg3 51. Kg1 Kh4 52. Kf2
Kg4 53. Kf1 {Game drawn by repetition} 1/2-1/2